| 000 | 00797cab a2200205 4500 | ||
|---|---|---|---|
| 001 | WB2925-38 | ||
| 008 | 090401t1993 xxu||||| |||| 00| 0 eng d | ||
| 035 | _a(Sirsi) u62955 | ||
| 041 | _aeng | ||
| 245 | _aPlanning inquiry arrangements | ||
| 260 | _c1993 | ||
| 350 | _a0 | ||
| 490 |
_aPlanning (for the Natural and Built Environment) _v(1024) 25 June 1993, 24(1) |
||
| 520 | _aA draft DoE circular proposes that dates for planning inquiries should be set without concern for the availability of the professional team and should also be held on Mondays. The Local Government Planning Bar and Environmental Bar Association criticise the proposals. | ||
| 650 | _aDRAFT CIRCULAR | ||
| 650 | _aPLANNING INQUIRIES | ||
| 690 | _aPLANNING LAW AND PRACTICE | ||
| 942 | _n0 | ||
| 948 | _c04/03/1997 | ||
| 999 |
_c39121 _d39121 |
||